| 000 | 00522nab a2200145Ia 4500 | ||
|---|---|---|---|
| 003 | ES-SlBCS | ||
| 005 | 20210601133742.0 | ||
| 008 | 140529s2011 xxu||||| |||| 00| 0 por d | ||
| 041 | _apor | ||
| 100 | 1 |
_aGuimaraes Figueiredo, Valeska Marlete _9209240 |
|
| 245 | 0 | 2 |
_aA experiência da dança no Projeto Aplysia: uma descriçao baseada em diferentes olhares _c Valeska Marlete Guimaraes Figueiredo |
| 650 | 0 | 4 |
_aDanza _996318 |
| 773 | 0 |
_tEducaçao e Filosofia _gvol. 25, nº. 49, 2011, págs. 289-304 _wRev1534 |
|
| 942 | _cAR | ||
| 999 |
_c601551 _d601551 |
||